|
|
|
|
| LEADER |
00000nam0a2200000 4500 |
| 001 |
310987 |
| 005 |
20231102002336.0 |
| 020 |
|
|
|a RU
|b 82-12013
|
| 035 |
|
|
|a (RuTPU)RU\TPU\book\336342
|
| 090 |
|
|
|a 310987
|
| 100 |
|
|
|a 20151201d1982 km y0rusy5003 ca
|
| 101 |
0 |
|
|a rus
|
| 102 |
|
|
|a UA
|
| 105 |
|
|
|a a z 001zy
|
| 200 |
1 |
|
|a Эксплуатация сварочного оборудования
|f А. Г. Александров, И. И. Заруба, И. В. Пиньковский
|
| 205 |
|
|
|a 2-е изд., перераб. и доп.
|
| 210 |
|
|
|a Киев
|c Будiвельник
|d 1982
|
| 215 |
|
|
|a 65 с.
|c ил.
|
| 320 |
|
|
|a Библиогр.: с. 64
|
| 606 |
1 |
|
|a Сварочное оборудование
|x Эксплуатация
|2 stltpush
|3 (RuTPU)RU\TPU\subj\54025
|9 72187
|
| 610 |
1 |
|
|a источники питания
|
| 610 |
1 |
|
|a сварочная дуга
|
| 610 |
1 |
|
|a требования
|
| 610 |
1 |
|
|a сварочные генераторы
|
| 610 |
1 |
|
|a сварочные агрегаты
|
| 610 |
1 |
|
|a техника безопасности
|
| 610 |
1 |
|
|a технические характеристики
|
| 675 |
|
|
|a 621.791.03
|v 3
|
| 700 |
|
1 |
|a Александров
|b А. Г.
|g Александр Гаврилович
|
| 701 |
|
1 |
|a Заруба
|b И. И.
|g Игорь Иванович
|
| 701 |
|
1 |
|a Пиньковский
|b И. В.
|g Игорь Викторович
|
| 801 |
|
0 |
|a RU
|b RuMRKP
|c 19950704
|g psbo
|
| 801 |
|
1 |
|a RU
|b 63413507
|c 20151201
|
| 801 |
|
2 |
|a RU
|b 63413507
|c 20190926
|g RCR
|
| 942 |
|
|
|c BK
|